La personalidad y el devenir araboislámicos
保存先:
| 第一著者: | |
|---|---|
| フォーマット: | 図書 |
| 言語: | スペイン語 |
| 出版事項: |
Madrid
Mapfre
1996
|
| シリーズ: | Colección El Magreb, 15
|
| 主題: | |
| タグ: |
タグ追加
タグなし, このレコードへの初めてのタグを付けませんか!
|
MARC
| LEADER | 00000nam a2200000 a 4500 | ||
|---|---|---|---|
| 001 | UCR5890 | ||
| 003 | CL-VaPUC | ||
| 008 | 980403e19960000SP |||||||||||||||||spa|d | ||
| 082 | 0 | 4 | |a 953 |b DJA |2 21 |
| 100 | 0 | |a Djait, Hichem |e author |9 406817 | |
| 245 | 1 | 3 | |a La personalidad y el devenir araboislámicos |
| 300 | |a 322 p | ||
| 942 | |c BK | ||
| 945 | |d 19980403 00:00:00 |a rbrito | ||
| 260 | |a Madrid |b Mapfre |c 1996 | ||
| 650 | 0 | |a Historia |9 255047 | |
| 650 | 0 | |a Islamismo |9 314084 | |
| 650 | 0 | |a Árabes |9 316264 | |
| 650 | 0 | |a Personalidad |9 307255 | |
| 650 | 0 | |a Religión |9 255164 | |
| 650 | 0 | |a Estado |9 255503 | |
| 651 | 7 | |a TUNEZ |2 CL-VaPUC |9 325751 | |
| 583 | |a last modification |c 19980403 00:00:00 |k Rodrigo Vera | ||
| 490 | 0 | |a Colección El Magreb, 15 | |
| 999 | |c 268232 |d 268230 | ||
| 952 | |0 0 |1 0 |4 0 |6 953_000000000000000_DJA_1996 |7 0 |8 A |9 301200 |a BIBHIS |b BIBHIS |d 2019-11-20 |i 3396673 |l 1 |o 953 DJA 1996 |p 3396673 |r 2025-01-20 |s 2024-10-29 |w 2019-11-20 |y BK |k HIS | ||